000 00854nam a2200277Ia 4500
003 OSt
005 20221006153608.0
006 a|||||r|||| 00| 0
007 ta
008 221006b |||||||| |||| 00| 0 eng d
020 _a89860902404
_cW 20,000
024 _a32,804
037 _bGift, 29/11/2007, Korean Embassy
_cTextual
040 _aEASL
_cEASL
_beng
041 _2eng
_aeng
082 _aND495,H92;5, P5
100 _aKorea Foundation Au.
_9664596
245 0 _aFragrance of Korea
_b The ancient gilt-bronze incense burner of Bakje
260 _aSeoul
_bKorea Foundation Korea
_c2005
300 _a144p.
_ccm.
490 _v KEL
650 _a Art
_9248890
650 _aSculpture
_942083
942 _hND495,H92;5, P5
_cTEXL
_2CC
999 _c1100890
_d1100890